000 00505nam a2200181Ia 4500
003 GCL
008 140319s9999 xx 000 0 ara d
040 _aGCL /
_cGCL
082 0 4 _a811.03
_bد ق
100 1 _aداهش
245 1 0 _aقيثارة اورفيوس /
_cداهش
260 _a[S.N] :
_bدار النشر المحلق للطباعه والنشر ،
_c1984
300 _a230 ص
490 _a
650 0 4 _aالشعر العربى
650 0 4 _aدواوين وقصائد
942 _2ddc
_cBK
999 _c44222
_d44222